| 000 | 01683cam a22002537a 4500 | ||
|---|---|---|---|
| 020 | _a9251053952 (pbk.) | ||
| 040 | _cOSU | ||
| 082 | 0 | 4 | _a636 FOO 2005 A090 Or. |
| 245 | 1 | 0 |
_aRegional workshop on preparedness and response to aquatic animal health emergencies in Asia : _b21-23 September 2004, Jakarta, Indonesia / |
| 260 |
_aRome : _bFood and Agriculture Organization of the United Nations, _c2005. |
||
| 300 |
_avii, 178 p. : _bill. (chiefly col.), col. maps ; _c30 cm. |
||
| 490 | 1 | _aFAO fisheries proceedings, | |
| 520 | _a"The Regional Workshop on Preparedness and Response to Aquatic Animal Health Emergencies focused on emergency planning and responses to serious outbreaks of aquatic animal diseases in Asia. These proceedings include all the papers presented, group reports and resulting recommendations. The workshop was organized jointly by FAO, the Network of Aquaculture Centres in Asia-Pacific and the WorldFish Center and was hosted by the Government of Indonesia, Ministry of Marine Affairs and Fisheries. The material covers a wide range of topics, from a review of the history, current status and socio-economic impacts of transboundary aquatic animal diseases in Asia to analyses of regional needs in areas such as contingency planning, legislation and capacity building." | ||
| 650 | 0 | _aAquatic animals | |
| 650 | 0 | _aFishes | |
| 650 | 0 | _aAquaculture | |
| 650 | 0 | _aFishes | |
| 700 | 1 | _aSubasinghe, R. P. | |
| 700 | 1 | _aArthur, J. R. | |
| 710 | 2 | _aFood and Agriculture Organization of the United Nations. | |
| 856 | 1 | 1 | _uftp://ftp.fao.org/docrep/fao/008/a0192e/a0192e.zip |
| 856 | 4 | 1 | _uhttp://www.loc.gov/catdir/toc/fy0703/2006484425.html |
| 942 | _cEK | ||
| 999 |
_c15926 _d15926 |
||